| 000 | 00810nam a22002537a 4500 | ||
|---|---|---|---|
| 003 | CHAP | ||
| 005 | 20220329135725.0 | ||
| 008 | 971013s r 00010 d | ||
| 010 | _a41108 | ||
| 011 | _a42080 | ||
| 035 | _a46207 | ||
| 040 | _cCHAP | ||
| 090 | _aR-1493 | ||
| 100 | 0 | 0 |
_aMueller-Dombois, Dieter. _979279 |
| 245 | _aTechniques for studying soil-water growth relationson an aritifical slope | ||
| 500 | _aSobretiro de: Forest-soil relationships in North America. Corballis, Oregon State Uni., 1965. pp. 153-161 | ||
| 590 |
_aBATCH-UPD _b10 _c20130110 _lUCH01 _h1914 |
||
| 590 |
_aCONVERSION _b10 _c20130109 _lUCH01 _h1323 |
||
| 650 | 1 | 4 |
_aSuelos y cultivos. _9110571 |
| 650 | 1 | 4 |
_aSuelos _xHumedad. _9110391 |
| 901 | _aBK | ||
| 942 | _cREIMP | ||
| 949 |
_aR-1493 _bBC _cR _d-105300 _eTS1 _i46207 _si |
||
| 999 |
_c41108 _d41108 |
||